<?xml version="1.0" encoding="UTF-8"?>
<record
    xmlns:xsi="http://www.w3.org/2001/XMLSchema-instance"
    xsi:schemaLocation="http://www.loc.gov/MARC21/slim http://www.loc.gov/standards/marcxml/schema/MARC21slim.xsd"
    xmlns="http://www.loc.gov/MARC21/slim">

  <leader>01307nas a2200253 454500</leader>
  <controlfield tag="001">340</controlfield>
  <controlfield tag="005">20260407193503.0</controlfield>
  <controlfield tag="008">260407s2006####ag###########|||spa#d</controlfield>
  <controlfield tag="003">AR-UNSa-BCEJYS</controlfield>
  <datafield tag="040" ind1=" " ind2=" ">
    <subfield code="a">AR-UNSa-BCEJYS</subfield>
    <subfield code="b">spa</subfield>
    <subfield code="c">AR-UNSa-BCEJYS</subfield>
  </datafield>
  <datafield tag="080" ind1=" " ind2=" ">
    <subfield code="a">658</subfield>
    <subfield code="x">Administraci&#xF3;n de empresas. Organizaci&#xF3;n comercial</subfield>
  </datafield>
  <datafield tag="245" ind1="1" ind2="0">
    <subfield code="a">Harvard Business Review</subfield>
  </datafield>
  <datafield tag="022" ind1=" " ind2=" ">
    <subfield code="a">0717-9952</subfield>
  </datafield>
  <datafield tag="264" ind1=" " ind2="1">
    <subfield code="a">Chile :</subfield>
    <subfield code="b">Impact Media Comercial</subfield>
    <subfield code="c">2006</subfield>
  </datafield>
  <datafield tag="310" ind1=" " ind2=" ">
    <subfield code="a">Mensual
A partir de set. 2011 la Biblioteca recibe los t&#xED;tulos de la revista en idioma ingl&#xE9;s</subfield>
  </datafield>
  <datafield tag="505" ind1=" " ind2=" ">
    <subfield code="a">Es una revista de investigaci&#xF3;n enfocada en los profesionales de las empresas, en todos los niveles, siendo respetada por los altos ejecutivos, los acad&#xE9;micos y los consultores. Ha sido la residencia editorial frecuente para conocidos eruditos y pensadores de direcci&#xF3;n, pudiendo encontrar entre otros a Clayton M Christensen, Peter f Drucker, Michael E Porter, Rosabeth Moss Kanter, Gary Hamel, C.K. Prahalad, Robert S Kaplan, y otros.</subfield>
  </datafield>
  <datafield tag="942" ind1=" " ind2=" ">
    <subfield code="c">SER</subfield>
  </datafield>
  <datafield tag="590" ind1=" " ind2=" ">
    <subfield code="a">niveau_biblio:s niveau_hierar:1</subfield>
  </datafield>
  <datafield tag="100" ind1="1" ind2=" ">
    <subfield code="a">Zisis, Ricardo</subfield>
  </datafield>
  <datafield tag="650" ind1=" " ind2=" ">
    <subfield code="a">EMPRESAS</subfield>
  </datafield>
  <datafield tag="650" ind1=" " ind2=" ">
    <subfield code="a">ADMINISTRACION DE EMPRESAS</subfield>
  </datafield>
  <datafield tag="650" ind1=" " ind2=" ">
    <subfield code="a">Liderazgo</subfield>
  </datafield>
  <datafield tag="856" ind1="4" ind2="1">
    <subfield code="u">https://biblioeco.unsa.edu.ar/pmb/images/revistas/Horvard Business Review.jpg</subfield>
    <subfield code="y">Imagen de portada</subfield>
    <subfield code="q">image/jpeg</subfield>
  </datafield>
  <datafield tag="999" ind1=" " ind2=" ">
    <subfield code="c">8363</subfield>
    <subfield code="d">8363</subfield>
  </datafield>
  <datafield tag="952" ind1=" " ind2=" ">
    <subfield code="0">0</subfield>
    <subfield code="1">0</subfield>
    <subfield code="4">0</subfield>
    <subfield code="7">0</subfield>
    <subfield code="a">BCEJYS</subfield>
    <subfield code="b">BCEJYS</subfield>
    <subfield code="c">17</subfield>
    <subfield code="d">2013-04-01</subfield>
    <subfield code="h">Vol. 91, N&#xBA; 4 - abr. 2013</subfield>
    <subfield code="l">0</subfield>
    <subfield code="o">H658 HAR v91.n4</subfield>
    <subfield code="p">R07204</subfield>
    <subfield code="r">2026-04-10 16:05:58</subfield>
    <subfield code="w">2026-04-10</subfield>
    <subfield code="y">RN</subfield>
  </datafield>
  <datafield tag="952" ind1=" " ind2=" ">
    <subfield code="0">0</subfield>
    <subfield code="1">0</subfield>
    <subfield code="4">0</subfield>
    <subfield code="7">0</subfield>
    <subfield code="a">BCEJYS</subfield>
    <subfield code="b">BCEJYS</subfield>
    <subfield code="c">17</subfield>
    <subfield code="d">2013-03-01</subfield>
    <subfield code="h">Vol. 91, N&#xBA; 3 - mar. 2013</subfield>
    <subfield code="l">0</subfield>
    <subfield code="o">H658 HAR v91.n3</subfield>
    <subfield code="p">R06182</subfield>
    <subfield code="r">2026-04-10 16:05:58</subfield>
    <subfield code="w">2026-04-10</subfield>
    <subfield code="y">RN</subfield>
  </datafield>
  <datafield tag="952" ind1=" " ind2=" ">
    <subfield code="0">0</subfield>
    <subfield code="1">0</subfield>
    <subfield code="4">0</subfield>
    <subfield code="7">0</subfield>
    <subfield code="a">BCEJYS</subfield>
    <subfield code="b">BCEJYS</subfield>
    <subfield code="c">17</subfield>
    <subfield code="d">2013-01-01</subfield>
    <subfield code="h">Vol. 91,N&#xBA;1/2 - ene./feb.2013</subfield>
    <subfield code="l">0</subfield>
    <subfield code="o">H658 HAR v91.n1/2</subfield>
    <subfield code="p">R05976</subfield>
    <subfield code="r">2026-04-10 16:05:58</subfield>
    <subfield code="w">2026-04-10</subfield>
    <subfield code="y">RN</subfield>
  </datafield>
  <datafield tag="952" ind1=" " ind2=" ">
    <subfield code="0">0</subfield>
    <subfield code="1">0</subfield>
    <subfield code="4">0</subfield>
    <subfield code="7">0</subfield>
    <subfield code="a">BCEJYS</subfield>
    <subfield code="b">BCEJYS</subfield>
    <subfield code="c">17</subfield>
    <subfield code="d">2012-12-01</subfield>
    <subfield code="h">Vol. 90, N&#xBA; 12 - dic. 2012</subfield>
    <subfield code="l">0</subfield>
    <subfield code="o">H658 HAR v90.n12</subfield>
    <subfield code="p">R05955</subfield>
    <subfield code="r">2026-04-10 16:05:58</subfield>
    <subfield code="w">2026-04-10</subfield>
    <subfield code="y">RN</subfield>
  </datafield>
  <datafield tag="952" ind1=" " ind2=" ">
    <subfield code="0">0</subfield>
    <subfield code="1">0</subfield>
    <subfield code="4">0</subfield>
    <subfield code="7">0</subfield>
    <subfield code="a">BCEJYS</subfield>
    <subfield code="b">BCEJYS</subfield>
    <subfield code="c">17</subfield>
    <subfield code="d">2012-11-01</subfield>
    <subfield code="h">Vol. 90, N&#xBA; 11 - nov. 2012</subfield>
    <subfield code="l">0</subfield>
    <subfield code="o">H658 HAR v90.n11</subfield>
    <subfield code="p">R05832</subfield>
    <subfield code="r">2026-04-10 16:05:58</subfield>
    <subfield code="w">2026-04-10</subfield>
    <subfield code="y">RN</subfield>
  </datafield>
  <datafield tag="952" ind1=" " ind2=" ">
    <subfield code="0">0</subfield>
    <subfield code="1">0</subfield>
    <subfield code="4">0</subfield>
    <subfield code="7">0</subfield>
    <subfield code="a">BCEJYS</subfield>
    <subfield code="b">BCEJYS</subfield>
    <subfield code="c">17</subfield>
    <subfield code="d">2012-10-01</subfield>
    <subfield code="h">Vol. 90, N&#xBA; 10 - oct. 2012</subfield>
    <subfield code="l">0</subfield>
    <subfield code="o">H658 HAR V90.n10</subfield>
    <subfield code="p">R05008</subfield>
    <subfield code="r">2026-04-10 16:05:58</subfield>
    <subfield code="w">2026-04-10</subfield>
    <subfield code="y">RN</subfield>
  </datafield>
  <datafield tag="952" ind1=" " ind2=" ">
    <subfield code="0">0</subfield>
    <subfield code="1">0</subfield>
    <subfield code="4">0</subfield>
    <subfield code="7">0</subfield>
    <subfield code="a">BCEJYS</subfield>
    <subfield code="b">BCEJYS</subfield>
    <subfield code="c">17</subfield>
    <subfield code="d">2012-09-01</subfield>
    <subfield code="h">Vol. 90, N&#xBA; 9 - sep. 2012</subfield>
    <subfield code="l">0</subfield>
    <subfield code="o">H658 HAR V90.n9</subfield>
    <subfield code="p">R05007</subfield>
    <subfield code="r">2026-04-10 16:05:58</subfield>
    <subfield code="w">2026-04-10</subfield>
    <subfield code="y">RN</subfield>
  </datafield>
  <datafield tag="952" ind1=" " ind2=" ">
    <subfield code="0">0</subfield>
    <subfield code="1">0</subfield>
    <subfield code="4">0</subfield>
    <subfield code="7">0</subfield>
    <subfield code="a">BCEJYS</subfield>
    <subfield code="b">BCEJYS</subfield>
    <subfield code="c">17</subfield>
    <subfield code="d">2012-07-01</subfield>
    <subfield code="h">Vol. 90, N&#xBA; 7/8 - jul./ago. 2012</subfield>
    <subfield code="l">0</subfield>
    <subfield code="o">H658 HAR V90.n7/8</subfield>
    <subfield code="p">R04371</subfield>
    <subfield code="r">2026-04-10 16:05:58</subfield>
    <subfield code="w">2026-04-10</subfield>
    <subfield code="y">RN</subfield>
  </datafield>
  <datafield tag="952" ind1=" " ind2=" ">
    <subfield code="0">0</subfield>
    <subfield code="1">0</subfield>
    <subfield code="4">0</subfield>
    <subfield code="7">0</subfield>
    <subfield code="a">BCEJYS</subfield>
    <subfield code="b">BCEJYS</subfield>
    <subfield code="c">17</subfield>
    <subfield code="d">2012-06-01</subfield>
    <subfield code="h">Vol. 90, N&#xBA; 6 - jun. 2012</subfield>
    <subfield code="l">0</subfield>
    <subfield code="o">H658 HAR v90.n6</subfield>
    <subfield code="p">R04020</subfield>
    <subfield code="r">2026-04-10 16:05:58</subfield>
    <subfield code="w">2026-04-10</subfield>
    <subfield code="y">RN</subfield>
  </datafield>
  <datafield tag="952" ind1=" " ind2=" ">
    <subfield code="0">0</subfield>
    <subfield code="1">0</subfield>
    <subfield code="4">0</subfield>
    <subfield code="7">0</subfield>
    <subfield code="a">BCEJYS</subfield>
    <subfield code="b">BCEJYS</subfield>
    <subfield code="c">17</subfield>
    <subfield code="d">2012-05-01</subfield>
    <subfield code="h">Vol. 90, N&#xBA; 5 - mayo. 2012</subfield>
    <subfield code="l">0</subfield>
    <subfield code="o">H658 HAR v90.n5</subfield>
    <subfield code="p">R03967</subfield>
    <subfield code="r">2026-04-10 16:05:58</subfield>
    <subfield code="w">2026-04-10</subfield>
    <subfield code="y">RN</subfield>
  </datafield>
  <datafield tag="952" ind1=" " ind2=" ">
    <subfield code="0">0</subfield>
    <subfield code="1">0</subfield>
    <subfield code="4">0</subfield>
    <subfield code="7">0</subfield>
    <subfield code="a">BCEJYS</subfield>
    <subfield code="b">BCEJYS</subfield>
    <subfield code="c">17</subfield>
    <subfield code="d">2012-03-01</subfield>
    <subfield code="h">Vol. 90, N&#xBA; 3 - mar. 2012</subfield>
    <subfield code="l">0</subfield>
    <subfield code="o">H658 HAR v90.n3</subfield>
    <subfield code="p">R03965</subfield>
    <subfield code="r">2026-04-10 16:05:58</subfield>
    <subfield code="w">2026-04-10</subfield>
    <subfield code="y">RN</subfield>
  </datafield>
  <datafield tag="952" ind1=" " ind2=" ">
    <subfield code="0">0</subfield>
    <subfield code="1">0</subfield>
    <subfield code="4">0</subfield>
    <subfield code="7">0</subfield>
    <subfield code="a">BCEJYS</subfield>
    <subfield code="b">BCEJYS</subfield>
    <subfield code="c">17</subfield>
    <subfield code="d">2012-01-01</subfield>
    <subfield code="h">Vol. 90, N&#xBA; 1 - ene. 2012</subfield>
    <subfield code="l">0</subfield>
    <subfield code="o">H658 HAR v90.n1</subfield>
    <subfield code="p">R23485</subfield>
    <subfield code="r">2026-04-10 16:05:58</subfield>
    <subfield code="w">2026-04-10</subfield>
    <subfield code="y">RN</subfield>
  </datafield>
  <datafield tag="952" ind1=" " ind2=" ">
    <subfield code="0">0</subfield>
    <subfield code="1">0</subfield>
    <subfield code="4">0</subfield>
    <subfield code="7">0</subfield>
    <subfield code="a">BCEJYS</subfield>
    <subfield code="b">BCEJYS</subfield>
    <subfield code="c">17</subfield>
    <subfield code="d">2011-09-01</subfield>
    <subfield code="h">Vol. 89, N&#xBA; 9 - sep. 2011</subfield>
    <subfield code="l">0</subfield>
    <subfield code="o">H658 HAR v89.n9</subfield>
    <subfield code="p">R03484</subfield>
    <subfield code="r">2026-04-10 16:05:58</subfield>
    <subfield code="w">2026-04-10</subfield>
    <subfield code="y">RN</subfield>
  </datafield>
  <datafield tag="952" ind1=" " ind2=" ">
    <subfield code="0">0</subfield>
    <subfield code="1">0</subfield>
    <subfield code="4">0</subfield>
    <subfield code="7">0</subfield>
    <subfield code="a">BCEJYS</subfield>
    <subfield code="b">BCEJYS</subfield>
    <subfield code="c">17</subfield>
    <subfield code="d">2011-08-01</subfield>
    <subfield code="h">Vol. 89, N&#xBA; 7 - ago. 2011</subfield>
    <subfield code="l">0</subfield>
    <subfield code="o">H658 HAR v89.n7</subfield>
    <subfield code="p">R03256</subfield>
    <subfield code="r">2026-04-10 16:05:58</subfield>
    <subfield code="w">2026-04-10</subfield>
    <subfield code="y">RN</subfield>
  </datafield>
  <datafield tag="952" ind1=" " ind2=" ">
    <subfield code="0">0</subfield>
    <subfield code="1">0</subfield>
    <subfield code="4">0</subfield>
    <subfield code="7">0</subfield>
    <subfield code="a">BCEJYS</subfield>
    <subfield code="b">BCEJYS</subfield>
    <subfield code="c">17</subfield>
    <subfield code="d">2011-07-01</subfield>
    <subfield code="h">Vol. 89, N&#xBA; 6 - jul. 2011</subfield>
    <subfield code="l">0</subfield>
    <subfield code="o">H658 HAR v89.n6</subfield>
    <subfield code="p">R03269</subfield>
    <subfield code="r">2026-04-10 16:05:58</subfield>
    <subfield code="w">2026-04-10</subfield>
    <subfield code="y">RN</subfield>
  </datafield>
  <datafield tag="952" ind1=" " ind2=" ">
    <subfield code="0">0</subfield>
    <subfield code="1">0</subfield>
    <subfield code="4">0</subfield>
    <subfield code="7">0</subfield>
    <subfield code="a">BCEJYS</subfield>
    <subfield code="b">BCEJYS</subfield>
    <subfield code="c">17</subfield>
    <subfield code="d">2011-06-01</subfield>
    <subfield code="h">Vol. 89, N&#xBA; 5 - jun. 2011</subfield>
    <subfield code="l">0</subfield>
    <subfield code="o">H658 HAR v89.n5</subfield>
    <subfield code="p">R03147</subfield>
    <subfield code="r">2026-04-10 16:05:58</subfield>
    <subfield code="w">2026-04-10</subfield>
    <subfield code="y">RN</subfield>
  </datafield>
  <datafield tag="952" ind1=" " ind2=" ">
    <subfield code="0">0</subfield>
    <subfield code="1">0</subfield>
    <subfield code="4">0</subfield>
    <subfield code="7">0</subfield>
    <subfield code="a">BCEJYS</subfield>
    <subfield code="b">BCEJYS</subfield>
    <subfield code="c">17</subfield>
    <subfield code="d">2011-05-01</subfield>
    <subfield code="h">Vol. 89, N&#xBA; 4 - may. 2011</subfield>
    <subfield code="l">0</subfield>
    <subfield code="o">H658 HAR v89.n4</subfield>
    <subfield code="p">R03107</subfield>
    <subfield code="r">2026-04-10 16:05:58</subfield>
    <subfield code="w">2026-04-10</subfield>
    <subfield code="y">RN</subfield>
  </datafield>
  <datafield tag="952" ind1=" " ind2=" ">
    <subfield code="0">0</subfield>
    <subfield code="1">0</subfield>
    <subfield code="4">0</subfield>
    <subfield code="7">0</subfield>
    <subfield code="a">BCEJYS</subfield>
    <subfield code="b">BCEJYS</subfield>
    <subfield code="c">17</subfield>
    <subfield code="d">2011-04-01</subfield>
    <subfield code="h">Vol. 89, N&#xBA; 3 - abr. 2011</subfield>
    <subfield code="l">0</subfield>
    <subfield code="o">H658 HAR v89.n3</subfield>
    <subfield code="p">R03122</subfield>
    <subfield code="r">2026-04-10 16:05:58</subfield>
    <subfield code="w">2026-04-10</subfield>
    <subfield code="y">RN</subfield>
  </datafield>
  <datafield tag="952" ind1=" " ind2=" ">
    <subfield code="0">0</subfield>
    <subfield code="1">0</subfield>
    <subfield code="4">0</subfield>
    <subfield code="7">0</subfield>
    <subfield code="a">BCEJYS</subfield>
    <subfield code="b">BCEJYS</subfield>
    <subfield code="c">17</subfield>
    <subfield code="d">2011-03-01</subfield>
    <subfield code="h">Vol. 89, N&#xBA; 2 - mar. 2011</subfield>
    <subfield code="l">0</subfield>
    <subfield code="o">H658 HAR v89.n2</subfield>
    <subfield code="p">R03121</subfield>
    <subfield code="r">2026-04-10 16:05:58</subfield>
    <subfield code="w">2026-04-10</subfield>
    <subfield code="y">RN</subfield>
  </datafield>
  <datafield tag="952" ind1=" " ind2=" ">
    <subfield code="0">0</subfield>
    <subfield code="1">0</subfield>
    <subfield code="4">0</subfield>
    <subfield code="7">0</subfield>
    <subfield code="a">BCEJYS</subfield>
    <subfield code="b">BCEJYS</subfield>
    <subfield code="c">17</subfield>
    <subfield code="d">2011-01-01</subfield>
    <subfield code="h">Vol. 89, N&#xBA; 1 - ene./feb. 2011</subfield>
    <subfield code="l">0</subfield>
    <subfield code="o">H658 HAR v89.n1</subfield>
    <subfield code="p">R02716</subfield>
    <subfield code="r">2026-04-10 16:05:58</subfield>
    <subfield code="w">2026-04-10</subfield>
    <subfield code="y">RN</subfield>
  </datafield>
  <datafield tag="952" ind1=" " ind2=" ">
    <subfield code="0">0</subfield>
    <subfield code="1">0</subfield>
    <subfield code="4">0</subfield>
    <subfield code="7">0</subfield>
    <subfield code="a">BCEJYS</subfield>
    <subfield code="b">BCEJYS</subfield>
    <subfield code="c">17</subfield>
    <subfield code="d">2010-12-01</subfield>
    <subfield code="h">Vol. 88, N&#xBA; 11 - dic. 2010</subfield>
    <subfield code="l">0</subfield>
    <subfield code="o">H658 HAR v88.n11</subfield>
    <subfield code="p">R02715</subfield>
    <subfield code="r">2026-04-10 16:05:58</subfield>
    <subfield code="w">2026-04-10</subfield>
    <subfield code="y">RN</subfield>
  </datafield>
  <datafield tag="952" ind1=" " ind2=" ">
    <subfield code="0">0</subfield>
    <subfield code="1">0</subfield>
    <subfield code="4">0</subfield>
    <subfield code="7">0</subfield>
    <subfield code="a">BCEJYS</subfield>
    <subfield code="b">BCEJYS</subfield>
    <subfield code="c">17</subfield>
    <subfield code="d">2010-11-01</subfield>
    <subfield code="h">Vol. 88, N&#xBA; 10 - nov. 2010</subfield>
    <subfield code="l">0</subfield>
    <subfield code="o">H658 HAR v88.n10</subfield>
    <subfield code="p">R02714</subfield>
    <subfield code="r">2026-04-10 16:05:59</subfield>
    <subfield code="w">2026-04-10</subfield>
    <subfield code="y">RN</subfield>
  </datafield>
  <datafield tag="952" ind1=" " ind2=" ">
    <subfield code="0">0</subfield>
    <subfield code="1">0</subfield>
    <subfield code="4">0</subfield>
    <subfield code="7">0</subfield>
    <subfield code="a">BCEJYS</subfield>
    <subfield code="b">BCEJYS</subfield>
    <subfield code="c">17</subfield>
    <subfield code="d">2010-10-01</subfield>
    <subfield code="h">Vol. 88, N&#xBA; 9 - oct. 2010</subfield>
    <subfield code="l">0</subfield>
    <subfield code="o">H658 HAR v88n9</subfield>
    <subfield code="p">R02509</subfield>
    <subfield code="r">2026-04-10 16:05:59</subfield>
    <subfield code="w">2026-04-10</subfield>
    <subfield code="y">RN</subfield>
  </datafield>
  <datafield tag="952" ind1=" " ind2=" ">
    <subfield code="0">0</subfield>
    <subfield code="1">0</subfield>
    <subfield code="4">0</subfield>
    <subfield code="7">0</subfield>
    <subfield code="a">BCEJYS</subfield>
    <subfield code="b">BCEJYS</subfield>
    <subfield code="c">17</subfield>
    <subfield code="d">2010-09-01</subfield>
    <subfield code="h">Vol. 88, N&#xBA; 8 - sep. 2010</subfield>
    <subfield code="l">0</subfield>
    <subfield code="o">H658 HAR v88.n8</subfield>
    <subfield code="p">R02455</subfield>
    <subfield code="r">2026-04-10 16:05:59</subfield>
    <subfield code="w">2026-04-10</subfield>
    <subfield code="y">RN</subfield>
  </datafield>
  <datafield tag="952" ind1=" " ind2=" ">
    <subfield code="0">0</subfield>
    <subfield code="1">0</subfield>
    <subfield code="4">0</subfield>
    <subfield code="7">0</subfield>
    <subfield code="a">BCEJYS</subfield>
    <subfield code="b">BCEJYS</subfield>
    <subfield code="c">17</subfield>
    <subfield code="d">2010-08-01</subfield>
    <subfield code="h">Vol. 88, N&#xBA; 7 - ago. 2010</subfield>
    <subfield code="l">0</subfield>
    <subfield code="o">H658 HAR v88.n7</subfield>
    <subfield code="p">R02454</subfield>
    <subfield code="r">2026-04-10 16:05:59</subfield>
    <subfield code="w">2026-04-10</subfield>
    <subfield code="y">RN</subfield>
  </datafield>
  <datafield tag="952" ind1=" " ind2=" ">
    <subfield code="0">0</subfield>
    <subfield code="1">0</subfield>
    <subfield code="4">0</subfield>
    <subfield code="7">0</subfield>
    <subfield code="a">BCEJYS</subfield>
    <subfield code="b">BCEJYS</subfield>
    <subfield code="c">17</subfield>
    <subfield code="d">2010-07-01</subfield>
    <subfield code="h">Vol. 88, N&#xBA; 6 - jul. 2010</subfield>
    <subfield code="l">0</subfield>
    <subfield code="o">H658 HAR v88.n6</subfield>
    <subfield code="p">R02441</subfield>
    <subfield code="r">2026-04-10 16:05:59</subfield>
    <subfield code="w">2026-04-10</subfield>
    <subfield code="y">RN</subfield>
  </datafield>
  <datafield tag="952" ind1=" " ind2=" ">
    <subfield code="0">0</subfield>
    <subfield code="1">0</subfield>
    <subfield code="4">0</subfield>
    <subfield code="7">0</subfield>
    <subfield code="a">BCEJYS</subfield>
    <subfield code="b">BCEJYS</subfield>
    <subfield code="c">17</subfield>
    <subfield code="d">2010-06-01</subfield>
    <subfield code="h">Vol. 88, N&#xBA;5 - jun. 2010</subfield>
    <subfield code="l">0</subfield>
    <subfield code="o">H658 HAR v88.n5</subfield>
    <subfield code="p">R02449</subfield>
    <subfield code="r">2026-04-10 16:05:59</subfield>
    <subfield code="w">2026-04-10</subfield>
    <subfield code="y">RN</subfield>
  </datafield>
  <datafield tag="952" ind1=" " ind2=" ">
    <subfield code="0">0</subfield>
    <subfield code="1">0</subfield>
    <subfield code="4">0</subfield>
    <subfield code="7">0</subfield>
    <subfield code="a">BCEJYS</subfield>
    <subfield code="b">BCEJYS</subfield>
    <subfield code="c">17</subfield>
    <subfield code="d">2010-05-01</subfield>
    <subfield code="h">Vol. 88, N&#xBA; 4 - may. 2010</subfield>
    <subfield code="l">0</subfield>
    <subfield code="o">H658 HAR v88.n4</subfield>
    <subfield code="p">R02422</subfield>
    <subfield code="r">2026-04-10 16:05:59</subfield>
    <subfield code="w">2026-04-10</subfield>
    <subfield code="y">RN</subfield>
  </datafield>
  <datafield tag="952" ind1=" " ind2=" ">
    <subfield code="0">0</subfield>
    <subfield code="1">0</subfield>
    <subfield code="4">0</subfield>
    <subfield code="7">0</subfield>
    <subfield code="a">BCEJYS</subfield>
    <subfield code="b">BCEJYS</subfield>
    <subfield code="c">17</subfield>
    <subfield code="d">2010-04-01</subfield>
    <subfield code="h">Vol. 88, N&#xBA; 3 - abr. 2010</subfield>
    <subfield code="l">0</subfield>
    <subfield code="o">H658 HAR v88.n3</subfield>
    <subfield code="p">R02398</subfield>
    <subfield code="r">2026-04-10 16:05:59</subfield>
    <subfield code="w">2026-04-10</subfield>
    <subfield code="y">RN</subfield>
  </datafield>
  <datafield tag="952" ind1=" " ind2=" ">
    <subfield code="0">0</subfield>
    <subfield code="1">0</subfield>
    <subfield code="4">0</subfield>
    <subfield code="7">0</subfield>
    <subfield code="a">BCEJYS</subfield>
    <subfield code="b">BCEJYS</subfield>
    <subfield code="c">17</subfield>
    <subfield code="d">2010-03-01</subfield>
    <subfield code="h">Vol. 88, N&#xBA; 2 - mar. 2010</subfield>
    <subfield code="l">0</subfield>
    <subfield code="o">H658 HAR v88.n2</subfield>
    <subfield code="p">R02397</subfield>
    <subfield code="r">2026-04-10 16:05:59</subfield>
    <subfield code="w">2026-04-10</subfield>
    <subfield code="y">RN</subfield>
  </datafield>
  <datafield tag="952" ind1=" " ind2=" ">
    <subfield code="0">0</subfield>
    <subfield code="1">0</subfield>
    <subfield code="4">0</subfield>
    <subfield code="7">0</subfield>
    <subfield code="a">BCEJYS</subfield>
    <subfield code="b">BCEJYS</subfield>
    <subfield code="c">17</subfield>
    <subfield code="d">2010-01-01</subfield>
    <subfield code="h">Vol. 88, N&#xBA; 1 - ene./feb. 2010</subfield>
    <subfield code="l">0</subfield>
    <subfield code="o">H658 HAR v88.n1</subfield>
    <subfield code="p">R02378</subfield>
    <subfield code="r">2026-04-10 16:05:59</subfield>
    <subfield code="w">2026-04-10</subfield>
    <subfield code="y">RN</subfield>
  </datafield>
  <datafield tag="952" ind1=" " ind2=" ">
    <subfield code="0">0</subfield>
    <subfield code="1">0</subfield>
    <subfield code="4">0</subfield>
    <subfield code="7">0</subfield>
    <subfield code="a">BCEJYS</subfield>
    <subfield code="b">BCEJYS</subfield>
    <subfield code="c">17</subfield>
    <subfield code="d">2009-12-01</subfield>
    <subfield code="h">Vol. 87, N&#xBA; 12 - dic. 2009</subfield>
    <subfield code="l">0</subfield>
    <subfield code="o">H658 HAR v87.n12</subfield>
    <subfield code="p">R02377</subfield>
    <subfield code="r">2026-04-10 16:05:59</subfield>
    <subfield code="w">2026-04-10</subfield>
    <subfield code="y">RN</subfield>
  </datafield>
  <datafield tag="952" ind1=" " ind2=" ">
    <subfield code="0">0</subfield>
    <subfield code="1">0</subfield>
    <subfield code="4">0</subfield>
    <subfield code="7">0</subfield>
    <subfield code="a">BCEJYS</subfield>
    <subfield code="b">BCEJYS</subfield>
    <subfield code="c">17</subfield>
    <subfield code="d">2009-11-01</subfield>
    <subfield code="h">Vol. 87, N&#xBA; 11 - nov. 2009</subfield>
    <subfield code="l">0</subfield>
    <subfield code="o">H658 HAR v.87.n11</subfield>
    <subfield code="p">R02362</subfield>
    <subfield code="r">2026-04-10 16:05:59</subfield>
    <subfield code="w">2026-04-10</subfield>
    <subfield code="y">RN</subfield>
  </datafield>
  <datafield tag="952" ind1=" " ind2=" ">
    <subfield code="0">0</subfield>
    <subfield code="1">0</subfield>
    <subfield code="4">0</subfield>
    <subfield code="7">0</subfield>
    <subfield code="a">BCEJYS</subfield>
    <subfield code="b">BCEJYS</subfield>
    <subfield code="c">17</subfield>
    <subfield code="d">2009-10-01</subfield>
    <subfield code="h">Vol. 87. N&#xBA; 10 - oct. 2009</subfield>
    <subfield code="l">0</subfield>
    <subfield code="o">H658 HAR v87.n10</subfield>
    <subfield code="p">R02421</subfield>
    <subfield code="r">2026-04-10 16:05:59</subfield>
    <subfield code="w">2026-04-10</subfield>
    <subfield code="y">RN</subfield>
  </datafield>
  <datafield tag="952" ind1=" " ind2=" ">
    <subfield code="0">0</subfield>
    <subfield code="1">0</subfield>
    <subfield code="4">0</subfield>
    <subfield code="7">0</subfield>
    <subfield code="a">BCEJYS</subfield>
    <subfield code="b">BCEJYS</subfield>
    <subfield code="c">17</subfield>
    <subfield code="d">2009-09-01</subfield>
    <subfield code="h">Vol. 87, N&#xBA; 9 - sep. 2009</subfield>
    <subfield code="l">0</subfield>
    <subfield code="o">H658 HAR v87.n9</subfield>
    <subfield code="p">R02338</subfield>
    <subfield code="r">2026-04-10 16:05:59</subfield>
    <subfield code="w">2026-04-10</subfield>
    <subfield code="y">RN</subfield>
  </datafield>
  <datafield tag="952" ind1=" " ind2=" ">
    <subfield code="0">0</subfield>
    <subfield code="1">0</subfield>
    <subfield code="4">0</subfield>
    <subfield code="7">0</subfield>
    <subfield code="a">BCEJYS</subfield>
    <subfield code="b">BCEJYS</subfield>
    <subfield code="c">17</subfield>
    <subfield code="d">2009-08-01</subfield>
    <subfield code="h">Vol. 87, N&#xBA; 8 - ago. 2009</subfield>
    <subfield code="l">0</subfield>
    <subfield code="o">H658 HAR v87.n8</subfield>
    <subfield code="p">R02337</subfield>
    <subfield code="r">2026-04-10 16:05:59</subfield>
    <subfield code="w">2026-04-10</subfield>
    <subfield code="y">RN</subfield>
  </datafield>
  <datafield tag="952" ind1=" " ind2=" ">
    <subfield code="0">0</subfield>
    <subfield code="1">0</subfield>
    <subfield code="4">0</subfield>
    <subfield code="7">0</subfield>
    <subfield code="a">BCEJYS</subfield>
    <subfield code="b">BCEJYS</subfield>
    <subfield code="c">17</subfield>
    <subfield code="d">2009-07-01</subfield>
    <subfield code="h">Vol. 87, N&#xBA; 7 - jul. 2009</subfield>
    <subfield code="l">0</subfield>
    <subfield code="o">H658 HAR v87.n7</subfield>
    <subfield code="p">R02326</subfield>
    <subfield code="r">2026-04-10 16:05:59</subfield>
    <subfield code="w">2026-04-10</subfield>
    <subfield code="y">RN</subfield>
  </datafield>
  <datafield tag="952" ind1=" " ind2=" ">
    <subfield code="0">0</subfield>
    <subfield code="1">0</subfield>
    <subfield code="4">0</subfield>
    <subfield code="7">0</subfield>
    <subfield code="a">BCEJYS</subfield>
    <subfield code="b">BCEJYS</subfield>
    <subfield code="c">17</subfield>
    <subfield code="d">2009-06-01</subfield>
    <subfield code="h">Vol. 87, N&#xBA; 6 - jun. 2009</subfield>
    <subfield code="l">0</subfield>
    <subfield code="o">H658 HAR v87.n6</subfield>
    <subfield code="p">R02297</subfield>
    <subfield code="r">2026-04-10 16:05:59</subfield>
    <subfield code="w">2026-04-10</subfield>
    <subfield code="y">RN</subfield>
  </datafield>
  <datafield tag="952" ind1=" " ind2=" ">
    <subfield code="0">0</subfield>
    <subfield code="1">0</subfield>
    <subfield code="4">0</subfield>
    <subfield code="7">0</subfield>
    <subfield code="a">BCEJYS</subfield>
    <subfield code="b">BCEJYS</subfield>
    <subfield code="c">17</subfield>
    <subfield code="d">2009-05-01</subfield>
    <subfield code="h">Vol. 87, N&#xBA; 5 - may. 2009</subfield>
    <subfield code="l">0</subfield>
    <subfield code="o">H658 HAR v87.n5</subfield>
    <subfield code="p">R02296</subfield>
    <subfield code="r">2026-04-10 16:05:59</subfield>
    <subfield code="w">2026-04-10</subfield>
    <subfield code="y">RN</subfield>
  </datafield>
  <datafield tag="952" ind1=" " ind2=" ">
    <subfield code="0">0</subfield>
    <subfield code="1">0</subfield>
    <subfield code="4">0</subfield>
    <subfield code="7">0</subfield>
    <subfield code="a">BCEJYS</subfield>
    <subfield code="b">BCEJYS</subfield>
    <subfield code="c">17</subfield>
    <subfield code="d">2009-04-01</subfield>
    <subfield code="h">Vol. 87, N&#xBA; 4 - abr. 2009</subfield>
    <subfield code="l">0</subfield>
    <subfield code="o">H658 HAR v87.n4</subfield>
    <subfield code="p">R02278</subfield>
    <subfield code="r">2026-04-10 16:05:59</subfield>
    <subfield code="w">2026-04-10</subfield>
    <subfield code="y">RN</subfield>
  </datafield>
  <datafield tag="952" ind1=" " ind2=" ">
    <subfield code="0">0</subfield>
    <subfield code="1">0</subfield>
    <subfield code="4">0</subfield>
    <subfield code="7">0</subfield>
    <subfield code="a">BCEJYS</subfield>
    <subfield code="b">BCEJYS</subfield>
    <subfield code="c">17</subfield>
    <subfield code="d">2009-03-01</subfield>
    <subfield code="h">Vol. 87, N&#xBA; 3 - mar. 2009</subfield>
    <subfield code="l">0</subfield>
    <subfield code="o">H658 HAR v87.n3</subfield>
    <subfield code="p">R02277</subfield>
    <subfield code="r">2026-04-10 16:05:59</subfield>
    <subfield code="w">2026-04-10</subfield>
    <subfield code="y">RN</subfield>
  </datafield>
  <datafield tag="952" ind1=" " ind2=" ">
    <subfield code="0">0</subfield>
    <subfield code="1">0</subfield>
    <subfield code="4">0</subfield>
    <subfield code="7">0</subfield>
    <subfield code="a">BCEJYS</subfield>
    <subfield code="b">BCEJYS</subfield>
    <subfield code="c">17</subfield>
    <subfield code="d">2009-02-01</subfield>
    <subfield code="h">Vol. 87, N&#xBA; 2 - feb. 2009</subfield>
    <subfield code="l">0</subfield>
    <subfield code="o">H658 HAR v87.n2</subfield>
    <subfield code="p">R02276</subfield>
    <subfield code="r">2026-04-10 16:05:59</subfield>
    <subfield code="w">2026-04-10</subfield>
    <subfield code="y">RN</subfield>
  </datafield>
  <datafield tag="952" ind1=" " ind2=" ">
    <subfield code="0">0</subfield>
    <subfield code="1">0</subfield>
    <subfield code="4">0</subfield>
    <subfield code="7">0</subfield>
    <subfield code="a">BCEJYS</subfield>
    <subfield code="b">BCEJYS</subfield>
    <subfield code="c">17</subfield>
    <subfield code="d">2009-01-01</subfield>
    <subfield code="h">Vol. 87, N&#xBA; 1 - ene. 2009</subfield>
    <subfield code="l">0</subfield>
    <subfield code="o">H658 HAR v87.n1</subfield>
    <subfield code="p">R02254</subfield>
    <subfield code="r">2026-04-10 16:05:59</subfield>
    <subfield code="w">2026-04-10</subfield>
    <subfield code="y">RN</subfield>
  </datafield>
  <datafield tag="952" ind1=" " ind2=" ">
    <subfield code="0">0</subfield>
    <subfield code="1">0</subfield>
    <subfield code="4">0</subfield>
    <subfield code="7">0</subfield>
    <subfield code="a">BCEJYS</subfield>
    <subfield code="b">BCEJYS</subfield>
    <subfield code="c">17</subfield>
    <subfield code="d">2008-12-01</subfield>
    <subfield code="h">Vol. 86, N&#xBA; 12 - dic. 2008</subfield>
    <subfield code="l">0</subfield>
    <subfield code="o">H658 HAR v86.n12</subfield>
    <subfield code="p">R02336</subfield>
    <subfield code="r">2026-04-10 16:05:59</subfield>
    <subfield code="w">2026-04-10</subfield>
    <subfield code="y">RN</subfield>
  </datafield>
  <datafield tag="952" ind1=" " ind2=" ">
    <subfield code="0">0</subfield>
    <subfield code="1">0</subfield>
    <subfield code="4">0</subfield>
    <subfield code="7">0</subfield>
    <subfield code="a">BCEJYS</subfield>
    <subfield code="b">BCEJYS</subfield>
    <subfield code="c">17</subfield>
    <subfield code="d">2008-11-01</subfield>
    <subfield code="h">Vol. 86, N&#xBA; 11 - nov. 2008</subfield>
    <subfield code="l">0</subfield>
    <subfield code="o">H658 HAR v86.n11</subfield>
    <subfield code="p">R02225</subfield>
    <subfield code="r">2026-04-10 16:05:59</subfield>
    <subfield code="w">2026-04-10</subfield>
    <subfield code="y">RN</subfield>
  </datafield>
  <datafield tag="952" ind1=" " ind2=" ">
    <subfield code="0">0</subfield>
    <subfield code="1">0</subfield>
    <subfield code="4">0</subfield>
    <subfield code="7">0</subfield>
    <subfield code="a">BCEJYS</subfield>
    <subfield code="b">BCEJYS</subfield>
    <subfield code="c">17</subfield>
    <subfield code="d">2008-10-01</subfield>
    <subfield code="h">Vol. 86, N&#xBA; 10 - oct. 2008</subfield>
    <subfield code="l">0</subfield>
    <subfield code="o">H658 HAR v86.n10</subfield>
    <subfield code="p">R02210</subfield>
    <subfield code="r">2026-04-10 16:05:59</subfield>
    <subfield code="w">2026-04-10</subfield>
    <subfield code="y">RN</subfield>
  </datafield>
  <datafield tag="952" ind1=" " ind2=" ">
    <subfield code="0">0</subfield>
    <subfield code="1">0</subfield>
    <subfield code="4">0</subfield>
    <subfield code="7">0</subfield>
    <subfield code="a">BCEJYS</subfield>
    <subfield code="b">BCEJYS</subfield>
    <subfield code="c">17</subfield>
    <subfield code="d">2008-09-01</subfield>
    <subfield code="h">Vol. 86, N&#xBA; 9 - sep. 2008</subfield>
    <subfield code="l">0</subfield>
    <subfield code="o">H658 HAR v86.n9</subfield>
    <subfield code="p">R02209</subfield>
    <subfield code="r">2026-04-10 16:05:59</subfield>
    <subfield code="w">2026-04-10</subfield>
    <subfield code="y">RN</subfield>
  </datafield>
  <datafield tag="952" ind1=" " ind2=" ">
    <subfield code="0">0</subfield>
    <subfield code="1">0</subfield>
    <subfield code="4">0</subfield>
    <subfield code="7">0</subfield>
    <subfield code="a">BCEJYS</subfield>
    <subfield code="b">BCEJYS</subfield>
    <subfield code="c">17</subfield>
    <subfield code="d">2008-08-01</subfield>
    <subfield code="h">Vol. 86, N&#xBA; 8 - ago. 2008</subfield>
    <subfield code="l">0</subfield>
    <subfield code="o">H658 HAR v86.n8</subfield>
    <subfield code="p">R02195</subfield>
    <subfield code="r">2026-04-10 16:05:59</subfield>
    <subfield code="w">2026-04-10</subfield>
    <subfield code="y">RN</subfield>
  </datafield>
  <datafield tag="952" ind1=" " ind2=" ">
    <subfield code="0">0</subfield>
    <subfield code="1">0</subfield>
    <subfield code="4">0</subfield>
    <subfield code="7">0</subfield>
    <subfield code="a">BCEJYS</subfield>
    <subfield code="b">BCEJYS</subfield>
    <subfield code="c">17</subfield>
    <subfield code="d">2008-07-01</subfield>
    <subfield code="h">Vol. 86. N&#xBA; 7 - jul. 2008</subfield>
    <subfield code="l">0</subfield>
    <subfield code="o">H658 HAR v86.n7</subfield>
    <subfield code="p">R02180</subfield>
    <subfield code="r">2026-04-10 16:05:59</subfield>
    <subfield code="w">2026-04-10</subfield>
    <subfield code="y">RN</subfield>
  </datafield>
  <datafield tag="952" ind1=" " ind2=" ">
    <subfield code="0">0</subfield>
    <subfield code="1">0</subfield>
    <subfield code="4">0</subfield>
    <subfield code="7">0</subfield>
    <subfield code="a">BCEJYS</subfield>
    <subfield code="b">BCEJYS</subfield>
    <subfield code="c">17</subfield>
    <subfield code="d">2008-06-01</subfield>
    <subfield code="h">Vol. 86, N&#xBA; 6 - jun. 2008</subfield>
    <subfield code="l">0</subfield>
    <subfield code="o">H658 HAR v86.n6</subfield>
    <subfield code="p">R02179</subfield>
    <subfield code="r">2026-04-10 16:05:59</subfield>
    <subfield code="w">2026-04-10</subfield>
    <subfield code="y">RN</subfield>
  </datafield>
  <datafield tag="952" ind1=" " ind2=" ">
    <subfield code="0">0</subfield>
    <subfield code="1">0</subfield>
    <subfield code="4">0</subfield>
    <subfield code="7">0</subfield>
    <subfield code="a">BCEJYS</subfield>
    <subfield code="b">BCEJYS</subfield>
    <subfield code="c">17</subfield>
    <subfield code="d">2008-05-01</subfield>
    <subfield code="h">Vol. 86, N&#xBA; 5 - may. 2008</subfield>
    <subfield code="l">0</subfield>
    <subfield code="o">H658 HAR v86.n5</subfield>
    <subfield code="p">R02161</subfield>
    <subfield code="r">2026-04-10 16:05:59</subfield>
    <subfield code="w">2026-04-10</subfield>
    <subfield code="y">RN</subfield>
  </datafield>
  <datafield tag="952" ind1=" " ind2=" ">
    <subfield code="0">0</subfield>
    <subfield code="1">0</subfield>
    <subfield code="4">0</subfield>
    <subfield code="7">0</subfield>
    <subfield code="a">BCEJYS</subfield>
    <subfield code="b">BCEJYS</subfield>
    <subfield code="c">17</subfield>
    <subfield code="d">2008-04-01</subfield>
    <subfield code="h">Vol. 86, N&#xBA; 4 - abr. 2008</subfield>
    <subfield code="l">0</subfield>
    <subfield code="o">H658 HAR v86.n4</subfield>
    <subfield code="p">R02151</subfield>
    <subfield code="r">2026-04-10 16:05:59</subfield>
    <subfield code="w">2026-04-10</subfield>
    <subfield code="y">RN</subfield>
  </datafield>
  <datafield tag="952" ind1=" " ind2=" ">
    <subfield code="0">0</subfield>
    <subfield code="1">0</subfield>
    <subfield code="4">0</subfield>
    <subfield code="7">0</subfield>
    <subfield code="a">BCEJYS</subfield>
    <subfield code="b">BCEJYS</subfield>
    <subfield code="c">17</subfield>
    <subfield code="d">2008-03-01</subfield>
    <subfield code="h">Vol. 86, N&#xBA; 3 - mar. 2008</subfield>
    <subfield code="l">0</subfield>
    <subfield code="o">H658 HAR v86.n3</subfield>
    <subfield code="p">R02146</subfield>
    <subfield code="r">2026-04-10 16:05:59</subfield>
    <subfield code="w">2026-04-10</subfield>
    <subfield code="y">RN</subfield>
  </datafield>
  <datafield tag="952" ind1=" " ind2=" ">
    <subfield code="0">0</subfield>
    <subfield code="1">0</subfield>
    <subfield code="4">0</subfield>
    <subfield code="7">0</subfield>
    <subfield code="a">BCEJYS</subfield>
    <subfield code="b">BCEJYS</subfield>
    <subfield code="c">17</subfield>
    <subfield code="d">2008-02-01</subfield>
    <subfield code="h">Vol. 86, N&#xBA; 2 - feb. 2008</subfield>
    <subfield code="l">0</subfield>
    <subfield code="o">H658 HAR v86.n2</subfield>
    <subfield code="p">R02135</subfield>
    <subfield code="r">2026-04-10 16:05:59</subfield>
    <subfield code="w">2026-04-10</subfield>
    <subfield code="y">RN</subfield>
  </datafield>
  <datafield tag="952" ind1=" " ind2=" ">
    <subfield code="0">0</subfield>
    <subfield code="1">0</subfield>
    <subfield code="4">0</subfield>
    <subfield code="7">0</subfield>
    <subfield code="a">BCEJYS</subfield>
    <subfield code="b">BCEJYS</subfield>
    <subfield code="c">17</subfield>
    <subfield code="d">2008-01-01</subfield>
    <subfield code="h">Vol. 86, N&#xBA; 1 - ene. 2008</subfield>
    <subfield code="l">0</subfield>
    <subfield code="o">H658 HAR v86.n1</subfield>
    <subfield code="p">R02134</subfield>
    <subfield code="r">2026-04-10 16:05:59</subfield>
    <subfield code="w">2026-04-10</subfield>
    <subfield code="y">RN</subfield>
  </datafield>
  <datafield tag="952" ind1=" " ind2=" ">
    <subfield code="0">0</subfield>
    <subfield code="1">0</subfield>
    <subfield code="4">0</subfield>
    <subfield code="7">0</subfield>
    <subfield code="a">BCEJYS</subfield>
    <subfield code="b">BCEJYS</subfield>
    <subfield code="c">17</subfield>
    <subfield code="d">2007-12-01</subfield>
    <subfield code="h">Vol. 85, N&#xBA; 12 - dic. 2007</subfield>
    <subfield code="l">0</subfield>
    <subfield code="o">H658 HAR v85.n12</subfield>
    <subfield code="p">R02133</subfield>
    <subfield code="r">2026-04-10 16:05:59</subfield>
    <subfield code="w">2026-04-10</subfield>
    <subfield code="y">RN</subfield>
  </datafield>
  <datafield tag="952" ind1=" " ind2=" ">
    <subfield code="0">0</subfield>
    <subfield code="1">0</subfield>
    <subfield code="4">0</subfield>
    <subfield code="7">0</subfield>
    <subfield code="a">BCEJYS</subfield>
    <subfield code="b">BCEJYS</subfield>
    <subfield code="c">17</subfield>
    <subfield code="d">2007-11-01</subfield>
    <subfield code="h">Vol. 85, N&#xBA; 11 - nov. 2007</subfield>
    <subfield code="l">0</subfield>
    <subfield code="o">H658 HAR v85.n11</subfield>
    <subfield code="p">R02114</subfield>
    <subfield code="r">2026-04-10 16:05:59</subfield>
    <subfield code="w">2026-04-10</subfield>
    <subfield code="y">RN</subfield>
  </datafield>
  <datafield tag="952" ind1=" " ind2=" ">
    <subfield code="0">0</subfield>
    <subfield code="1">0</subfield>
    <subfield code="4">0</subfield>
    <subfield code="7">0</subfield>
    <subfield code="a">BCEJYS</subfield>
    <subfield code="b">BCEJYS</subfield>
    <subfield code="c">17</subfield>
    <subfield code="d">2007-10-01</subfield>
    <subfield code="h">Vol. 85, N&#xBA; 10 - oct. 2007</subfield>
    <subfield code="l">0</subfield>
    <subfield code="o">H658 HAR v85.n10</subfield>
    <subfield code="p">R02088</subfield>
    <subfield code="r">2026-04-10 16:05:59</subfield>
    <subfield code="w">2026-04-10</subfield>
    <subfield code="y">RN</subfield>
  </datafield>
  <datafield tag="952" ind1=" " ind2=" ">
    <subfield code="0">0</subfield>
    <subfield code="1">0</subfield>
    <subfield code="4">0</subfield>
    <subfield code="7">0</subfield>
    <subfield code="a">BCEJYS</subfield>
    <subfield code="b">BCEJYS</subfield>
    <subfield code="c">17</subfield>
    <subfield code="d">2007-09-01</subfield>
    <subfield code="h">Vol. 85, N&#xBA; 9 - sep. 2007</subfield>
    <subfield code="l">0</subfield>
    <subfield code="o">H658 HAR v85.n9</subfield>
    <subfield code="p">R02069</subfield>
    <subfield code="r">2026-04-10 16:05:59</subfield>
    <subfield code="w">2026-04-10</subfield>
    <subfield code="y">RN</subfield>
  </datafield>
  <datafield tag="952" ind1=" " ind2=" ">
    <subfield code="0">0</subfield>
    <subfield code="1">0</subfield>
    <subfield code="4">0</subfield>
    <subfield code="7">0</subfield>
    <subfield code="a">BCEJYS</subfield>
    <subfield code="b">BCEJYS</subfield>
    <subfield code="c">17</subfield>
    <subfield code="d">2007-08-01</subfield>
    <subfield code="h">Vol. 85, N&#xBA; 8 - Ago. 2007</subfield>
    <subfield code="l">0</subfield>
    <subfield code="o">H658 HAR v85.n8</subfield>
    <subfield code="p">R02113</subfield>
    <subfield code="r">2026-04-10 16:05:59</subfield>
    <subfield code="w">2026-04-10</subfield>
    <subfield code="y">RN</subfield>
  </datafield>
  <datafield tag="952" ind1=" " ind2=" ">
    <subfield code="0">0</subfield>
    <subfield code="1">0</subfield>
    <subfield code="4">0</subfield>
    <subfield code="7">0</subfield>
    <subfield code="a">BCEJYS</subfield>
    <subfield code="b">BCEJYS</subfield>
    <subfield code="c">17</subfield>
    <subfield code="d">2007-07-01</subfield>
    <subfield code="h">Vol. 85, N&#xBA; 7 - jul. 2007</subfield>
    <subfield code="l">0</subfield>
    <subfield code="o">H658 HAR v85.n7</subfield>
    <subfield code="p">R02053</subfield>
    <subfield code="r">2026-04-10 16:05:59</subfield>
    <subfield code="w">2026-04-10</subfield>
    <subfield code="y">RN</subfield>
  </datafield>
  <datafield tag="952" ind1=" " ind2=" ">
    <subfield code="0">0</subfield>
    <subfield code="1">0</subfield>
    <subfield code="4">0</subfield>
    <subfield code="7">0</subfield>
    <subfield code="a">BCEJYS</subfield>
    <subfield code="b">BCEJYS</subfield>
    <subfield code="c">17</subfield>
    <subfield code="d">2007-06-01</subfield>
    <subfield code="h">Vol. 85, N&#xBA; 6 - jun. 2007</subfield>
    <subfield code="l">0</subfield>
    <subfield code="o">H658 HAR v85.n6</subfield>
    <subfield code="p">R02042</subfield>
    <subfield code="r">2026-04-10 16:05:59</subfield>
    <subfield code="w">2026-04-10</subfield>
    <subfield code="y">RN</subfield>
  </datafield>
  <datafield tag="952" ind1=" " ind2=" ">
    <subfield code="0">0</subfield>
    <subfield code="1">0</subfield>
    <subfield code="4">0</subfield>
    <subfield code="7">0</subfield>
    <subfield code="a">BCEJYS</subfield>
    <subfield code="b">BCEJYS</subfield>
    <subfield code="c">17</subfield>
    <subfield code="d">2007-05-01</subfield>
    <subfield code="h">Vol. 85, N&#xBA; 5 - may. 2007</subfield>
    <subfield code="l">0</subfield>
    <subfield code="o">H658 HAR v85.n5</subfield>
    <subfield code="p">R02005</subfield>
    <subfield code="r">2026-04-10 16:05:59</subfield>
    <subfield code="w">2026-04-10</subfield>
    <subfield code="y">RN</subfield>
  </datafield>
  <datafield tag="952" ind1=" " ind2=" ">
    <subfield code="0">0</subfield>
    <subfield code="1">0</subfield>
    <subfield code="4">0</subfield>
    <subfield code="7">0</subfield>
    <subfield code="a">BCEJYS</subfield>
    <subfield code="b">BCEJYS</subfield>
    <subfield code="c">17</subfield>
    <subfield code="d">2007-04-01</subfield>
    <subfield code="h">Vol. 85, N&#xBA; 4 - abr. 2007</subfield>
    <subfield code="l">0</subfield>
    <subfield code="o">H658 HAR v.85n.4</subfield>
    <subfield code="p">R01976</subfield>
    <subfield code="r">2026-04-10 16:05:59</subfield>
    <subfield code="w">2026-04-10</subfield>
    <subfield code="y">RN</subfield>
  </datafield>
  <datafield tag="952" ind1=" " ind2=" ">
    <subfield code="0">0</subfield>
    <subfield code="1">0</subfield>
    <subfield code="4">0</subfield>
    <subfield code="7">0</subfield>
    <subfield code="a">BCEJYS</subfield>
    <subfield code="b">BCEJYS</subfield>
    <subfield code="c">17</subfield>
    <subfield code="d">2007-03-01</subfield>
    <subfield code="h">Vol. 85, N&#xBA; 3 - mar. 2007</subfield>
    <subfield code="l">0</subfield>
    <subfield code="o">H658 HAR v85.n3</subfield>
    <subfield code="p">R01975</subfield>
    <subfield code="r">2026-04-10 16:05:59</subfield>
    <subfield code="w">2026-04-10</subfield>
    <subfield code="y">RN</subfield>
  </datafield>
  <datafield tag="952" ind1=" " ind2=" ">
    <subfield code="0">0</subfield>
    <subfield code="1">0</subfield>
    <subfield code="4">0</subfield>
    <subfield code="7">0</subfield>
    <subfield code="a">BCEJYS</subfield>
    <subfield code="b">BCEJYS</subfield>
    <subfield code="c">17</subfield>
    <subfield code="d">2007-02-01</subfield>
    <subfield code="h">Vol. 85, N&#xBA; 2 - feb. 2007</subfield>
    <subfield code="l">0</subfield>
    <subfield code="o">H658 HAR v85.n2</subfield>
    <subfield code="p">R02041</subfield>
    <subfield code="r">2026-04-10 16:05:59</subfield>
    <subfield code="w">2026-04-10</subfield>
    <subfield code="y">RN</subfield>
  </datafield>
  <datafield tag="952" ind1=" " ind2=" ">
    <subfield code="0">0</subfield>
    <subfield code="1">0</subfield>
    <subfield code="4">0</subfield>
    <subfield code="7">0</subfield>
    <subfield code="a">BCEJYS</subfield>
    <subfield code="b">BCEJYS</subfield>
    <subfield code="c">17</subfield>
    <subfield code="d">2007-02-01</subfield>
    <subfield code="h">Vol. 85, N&#xBA; 2 - feb. 2007</subfield>
    <subfield code="l">0</subfield>
    <subfield code="o">H658 HAR v85.n2 Ej.2</subfield>
    <subfield code="p">R03997</subfield>
    <subfield code="r">2026-04-10 16:05:59</subfield>
    <subfield code="w">2026-04-10</subfield>
    <subfield code="y">RN</subfield>
  </datafield>
  <datafield tag="952" ind1=" " ind2=" ">
    <subfield code="0">0</subfield>
    <subfield code="1">0</subfield>
    <subfield code="4">0</subfield>
    <subfield code="7">0</subfield>
    <subfield code="a">BCEJYS</subfield>
    <subfield code="b">BCEJYS</subfield>
    <subfield code="c">17</subfield>
    <subfield code="d">2007-01-01</subfield>
    <subfield code="h">Vol. 85, N&#xBA; 1 - ene. 2007</subfield>
    <subfield code="l">0</subfield>
    <subfield code="o">H658 HAR v85.n1</subfield>
    <subfield code="p">R01974</subfield>
    <subfield code="r">2026-04-10 16:05:59</subfield>
    <subfield code="w">2026-04-10</subfield>
    <subfield code="y">RN</subfield>
  </datafield>
  <datafield tag="952" ind1=" " ind2=" ">
    <subfield code="0">0</subfield>
    <subfield code="1">0</subfield>
    <subfield code="4">0</subfield>
    <subfield code="7">0</subfield>
    <subfield code="a">BCEJYS</subfield>
    <subfield code="b">BCEJYS</subfield>
    <subfield code="c">17</subfield>
    <subfield code="d">2006-12-01</subfield>
    <subfield code="h">Vol. 84, N&#xBA; 12 - dic. 2006</subfield>
    <subfield code="l">0</subfield>
    <subfield code="o">H658 HAR v84.n12</subfield>
    <subfield code="p">R02040</subfield>
    <subfield code="r">2026-04-10 16:05:59</subfield>
    <subfield code="w">2026-04-10</subfield>
    <subfield code="y">RN</subfield>
  </datafield>
  <datafield tag="952" ind1=" " ind2=" ">
    <subfield code="0">0</subfield>
    <subfield code="1">0</subfield>
    <subfield code="4">0</subfield>
    <subfield code="7">0</subfield>
    <subfield code="a">BCEJYS</subfield>
    <subfield code="b">BCEJYS</subfield>
    <subfield code="c">17</subfield>
    <subfield code="d">2006-12-01</subfield>
    <subfield code="h">Vol. 84, N&#xBA; 12 - dic. 2006</subfield>
    <subfield code="l">0</subfield>
    <subfield code="o">H658 HAR v84.n12 Ej.2</subfield>
    <subfield code="p">R03996</subfield>
    <subfield code="r">2026-04-10 16:05:59</subfield>
    <subfield code="w">2026-04-10</subfield>
    <subfield code="y">RN</subfield>
  </datafield>
  <datafield tag="952" ind1=" " ind2=" ">
    <subfield code="0">0</subfield>
    <subfield code="1">0</subfield>
    <subfield code="4">0</subfield>
    <subfield code="7">0</subfield>
    <subfield code="a">BCEJYS</subfield>
    <subfield code="b">BCEJYS</subfield>
    <subfield code="c">17</subfield>
    <subfield code="d">2006-11-01</subfield>
    <subfield code="h">Vol. 84, N&#xBA; 11 - nov. 2006</subfield>
    <subfield code="l">0</subfield>
    <subfield code="o">H658 HAR v84.n11</subfield>
    <subfield code="p">R01947</subfield>
    <subfield code="r">2026-04-10 16:05:59</subfield>
    <subfield code="w">2026-04-10</subfield>
    <subfield code="y">RN</subfield>
  </datafield>
  <datafield tag="952" ind1=" " ind2=" ">
    <subfield code="0">0</subfield>
    <subfield code="1">0</subfield>
    <subfield code="4">0</subfield>
    <subfield code="7">0</subfield>
    <subfield code="a">BCEJYS</subfield>
    <subfield code="b">BCEJYS</subfield>
    <subfield code="c">17</subfield>
    <subfield code="d">2006-10-01</subfield>
    <subfield code="h">Vol. 84, N&#xBA; 10 - oct. 2006</subfield>
    <subfield code="l">0</subfield>
    <subfield code="o">H658 HAR v84.n10</subfield>
    <subfield code="p">R01946</subfield>
    <subfield code="r">2026-04-10 16:05:59</subfield>
    <subfield code="w">2026-04-10</subfield>
    <subfield code="y">RN</subfield>
  </datafield>
</record>
